| 000 | 00904nam a22002657a 4500 | ||
|---|---|---|---|
| 999 |
_c12645 _d12645 |
||
| 003 | EG-ScBUE | ||
| 005 | 20210204113425.0 | ||
| 008 | 090820s2004 ua f 000 f ara d | ||
| 017 | _a2003/18635 | ||
| 020 | _a9770909998 | ||
| 040 |
_aEG-ScBUE _bara _erda _cEG-ScBUE _dEG-ScBUE |
||
| 082 | 0 | 4 |
_a892.736 _bح ك ى _222 |
| 100 | 1 |
_aالحكيم، توفيق، _d1898-1987، _eمؤلف. |
|
| 245 | 1 | 0 |
_aيوميات نائب في الأرياف / _cتوفيق الحكيم. |
| 264 | 1 |
_aالقاهرة : _bدار الشروق، _c2004. |
|
| 300 |
_a146 صفحة ؛ _c24 سم. |
||
| 336 |
_2rdacontent _aنص _btxt |
||
| 337 |
_2rdamedia _aبدون وسيط _bn |
||
| 338 |
_2rdacarrier _aمجلد _bnc |
||
| 490 | 0 | _aالأعمال الكاملة | |
| 650 | 7 |
_aالقصص العربية _zمصر _yقرن 20. _2BUEsh |
|
| 653 |
_bARALIT _cJanuary2021 |
||
| 655 |
_vReading book _934232 |
||
| 942 |
_2ddc _cBB |
||